Indian Writing in English (Record no. 1859)

MARC details
000 -LEADER
fixed length control field 00381nam a2200157Ia 4500
003 - CONTROL NUMBER IDENTIFIER
control field OSt
008 - FIXED-LENGTH DATA ELEMENTS--GENERAL INFORMATION
fixed length control field 191201s2005 xx 000 0 und d
082 ## - DEWEY DECIMAL CLASSIFICATION NUMBER
Classification number 820.9954
Item number SRI
100 ## - MAIN ENTRY--PERSONAL NAME
Personal name SRINIVASA, Iyengar K R
245 #0 - TITLE STATEMENT
Title Indian Writing in English
250 ## - EDITION STATEMENT
Edition statement 15th
260 ## - PUBLICATION, DISTRIBUTION, ETC. (IMPRINT)
Place of publication, distribution, etc New Delhi
Name of publisher, distributor, etc Sterling Publishers
Date of publication, distribution, etc 2005
300 ## - PHYSICAL DESCRIPTION
Extent 848
650 ## - SUBJECT ADDED ENTRY--TOPICAL TERM
Topical term or geographic name as entry element General Books
942 ## - ADDED ENTRY ELEMENTS (KOHA)
Source of classification or shelving scheme Dewey Decimal Classification
Koha item type Text Books
Holdings
Withdrawn status Lost status Source of classification or shelving scheme Damaged status Not for loan Collection code Home library Current library Date acquired Source of acquisition Cost, normal purchase price Bill Number Total Checkouts Full call number Acc. no. / Barcode Date last seen Bill Date Koha item type Public note Checked out Date last borrowed
    Dewey Decimal Classification     GENERAL PIET C-LIBRARY PIET C-LIBRARY 22/08/2006 M/s UBS, Delhi 205.00 125382   820.9954 SRI 3391 04/12/2019 23/08/2005 Text Books Language    
    Dewey Decimal Classification     GENERAL PIET C-LIBRARY PIET C-LIBRARY 22/08/2006 M/s UBS, Delhi 205.00 125382 1 820.9954 SRI 3392 27/01/2021 23/08/2005 Text Books   26/07/2021 27/01/2021

Design & Developed by: PIET Central Library
R70 Miles Stone Pattikalyana Samalkha Panipat 132102
mail ID :- [email protected], Phone No:- 0180-2569700 Ex.216